Lengua y literatura 1º de bachillerato
Saved in:
| Main Authors: | , , |
|---|---|
| Format: | Bog |
| Sprog: | spansk |
| Udgivet: |
Madrid
McGraw Hill
1996
|
| Udgivelse: | 1a. ed |
| Fag: | |
| Tags: |
Tilføj Tag
Ingen Tags, Vær først til at tagge denne postø!
|
MARC
| LEADER | 00000nam a2200000 a 4500 | ||
|---|---|---|---|
| 001 | UCH8385 | ||
| 003 | CL-VaPUC | ||
| 008 | 091127e19960000SP |||||||||||||||||spa|d | ||
| 020 | |a 8448103610 | ||
| 082 | 0 | 4 | |a 372.6 |b BEC |2 21 |
| 100 | 0 | |a Becerra Grande, Juan Bautista |e author |9 544958 | |
| 700 | 0 | |a Sánchez López, Rafael |e author |9 544959 | |
| 700 | 0 | |a Herrero Prado, José Luis |e author |9 544960 | |
| 245 | 1 | 0 | |a Lengua y literatura 1º de bachillerato |
| 250 | |a 1a. ed | ||
| 300 | |a 383 p | ||
| 942 | |c BK | ||
| 945 | |d 20091127 00:00:00 |a lazolas | ||
| 260 | |a Madrid |b McGraw Hill |c 1996 | ||
| 650 | 0 | |a Enseñanza del español |9 339826 | |
| 650 | 0 | |a Enseñanza de la literatura |9 283372 | |
| 650 | 0 | |a Métodos de enseñanza |9 270413 | |
| 650 | 0 | |a Español |9 255372 | |
| 650 | 0 | |a Gramática |9 270497 | |
| 583 | |a last modification |c 20170703 11:39:12 |k Rodrigo Vera | ||
| 999 | |c 338599 |d 338597 | ||